|
|
|
|
| LEADER |
01004nab#a2200289#ar4500 |
| 001 |
000069913 |
| 003 |
SVKKK |
| 005 |
20000615xxxxxxx. |
| 008 |
06 c xo huno |
| FMT |
|
|
|
| 038 |
|
|
|a SVKKK
|
| 040 |
|
|
|a SVKKK
|b slo
|e AACR2
|
| 041 |
0 |
|
|a hun
|
| 044 |
|
|
|a xo
|c SK
|
| 080 |
|
|
|a 373.3
|
| 242 |
1 |
0 |
|a Prípravný kurz jelšavskej meštianskej školy
|
| 245 |
0 |
0 |
|a A jolsvai polgári iskola előkészitő
|
| 520 |
2 |
|
|a Správa o plánovanom otvorení prípravného kurzu (előkészitő) Štátnej meštianskej školy v Jelšave [Áll. polgári iskola, Jolsva]. Otvorenie je plánované na deň 1. 09. 1913.
|
| 650 |
0 |
4 |
|a Štátna meštianska škola, Jelšava (RV) - kurz prípravný - 1.09.1913 - otvorenie plánované - oznamy
|
| 773 |
0 |
|
|t Murányvölgye : Szépirodalmi, társadalmi és közgazdasági hetilap
|g Roč. 3, č. 33 (17.08.1913) s. 2
|
| 957 |
|
|
|a Jelšava
|
| 958 |
|
|
|a DG
|
| 958 |
|
|
|a SK
|
| 974 |
|
|
|a ebl
|d 20000615
|
| 992 |
|
|
|a RBX
|
| BAS |
|
|
|
| 998 |
|
|
|a RETRO
|